La agricultura familiar en Colombia Estudios de caso desde la multifuncionalidad y su aporte a la paz

Bibliographic Details
Main Author: Acevedo-Osorio, ℓlvaro
Other Authors: Martn̕ez-Collazos, Jarrison
Format: eBook
Language:Spanish
Published: Bogot:̀ Ediciones Universidad Cooperativa de Colombia, 2016
Subjects:
Online Access:Acceso restringido

MARC

LEADER 00000nam a22000007a 4500
005 20200421160826.0
007 cr|||| ||||
008 200421s2016 co |||||s|||| 00||0 spa d
020 |a 978-958-760-048-3 
035 |a 31343 
040 |a vLex 
090 |c 10312  |d 10312 
100 1 |a Acevedo-Osorio, ℓlvaro 
245 1 2 |a La agricultura familiar en Colombia Estudios de caso desde la multifuncionalidad y su aporte a la paz  |h [Recurso electrn̤ico] /  |c ℓlvaro Acevedo-Osorio, Jarrison Martn̕ez-Collazos 
256 |a Servicio en ln̕ea 
260 |a Bogot:̀  |b Ediciones Universidad Cooperativa de Colombia,  |c 2016 
300 |a 1 recurso electrn̤ico 
500 |a La agricultura familiar en Colombia est ̀representada por campesinos, indg̕enas, afrocolombianos, pescadores, agricultores urbanos y neo-rurales que viven, en general, en condiciones de pobreza y abandono. Las polt̕icas y programas rurales del pas̕ la subordinan y no existen criterios de polt̕ica diferencial que reconozcan sus particularidades y potencien sus capacidades; no obstante, es responsable de la produccin̤ de buena parte de los alimentos bs̀icos de los colombianos y tiene una representacin̤ importante en la economa̕ nacional. A partir del anl̀isis de varios estudios de caso en el pas̕, se propone en este estudio reconocer la categora̕ de la agricultura familiar como una estrategia que fortalezca sus formas de produccin̤ y las integre sin desestructurar su particular racionalidad. Otorgar ml︢tiples funciones a los sistemas de finca representa para las familias agricultoras una estrategia sociocultural de adaptacin̤ a situaciones externas que amenazan su continuidad; as ̕mismo, los agricultores familiares sostienen una lucha permanente por reivindicar su autonoma̕ y derechos como manifestacin̤ de resistencia sociopolt̕ica. Se resalta la necesidad de polt̕icas diferenciales para la agricultura familiar que sean integrales, sistemt̀icas y de largo plazo, que permitan a los agricultores el acceso a la tierra. Finalmente, se propone un reordenamiento que haga viable una modernizacin̤ agropecuaria nacional incluyente no solo de las economa̕s de escala, sino de las economa̕s de diversificacin̤, soberana̕ alimentaria, democracia local, economa̕ solidaria y sustentabilidad como alternativas posibles para un nuevo modelo de desarrollo rural que contribuya con la anhelada paz para el pas̕. 
506 1 |a Disponible solo en los productos indicados  |d vLex Global  |d vLex Global (Academic Edition, excluding Law Schools)  |d vLex Global (U.S. Academic Edition, Law Schools)  |d vLex Global (U.S. Academic Edition, excluding Law Schools)  |d vLex Global (Academic Edition, Law Schools) 
650 0 4 |a Agricultura  |z Colombia 
700 1 |a Martn̕ez-Collazos, Jarrison 
740 0 |a vLex Libros (Servicio en ln̕ea) 
856 4 0 |u http://vlex.com/source/agricultura-familiar-en-colombia-estudios-de-caso-desde-la-multifuncionalidad-y-su-aporte-a-la-paz-31343  |z Acceso restringido 
942 |c BOOK 
999 0 |a farming